00294nam a2200121Ia 4500008004100000100002400041245001900065260003700084300000900121650001800130942000700148999001700155190216s9999||||xx |||||||||||||| ||und|| aWilliam Shakespeare 0aAs You Like It bUniversity Of London Pressc1959 a174p aEnglish Drama cBK c12086d12086